Statistics for Countries by Outline Picture

Click here to take the quiz!

General Stats

  • This quiz has been taken 318 times
  • The average score is 7 of 8

Answer Stats

Answer% Correct
Germany
97%
Canada
91%
Tajikistan
91%
New Zealand
87%
Peru
87%
Albania
86%
Uganda
86%
Latvia
78%

Score Distribution

Percentile by Number Answered

Percent of People with Each Score

Your Score History

You have not taken this quiz